Statistiken für Städte und Gemeinden Landkreis Zwickau

Klicken Sie hier um das Quiz zu spielen!

Allgemein

  • Dieses Quiz wurde 7 mal gespielt
  • Das Durchschnittsergebnis liegt bei 8 aus 29

Antwortstatistiken

Einwohner:innenzahlKommune% Korrekt
87.172Zwickau
100%
21.951Glauchau
83%
14.092Hohenstein-Ernstthal
83%
13.888Meerane
83%
20.702Werdau
83%
4994Fraureuth
33%
8082Kirchberg
33%
10.946Lichtenstein/Sachsen
33%
6129Lichtentanne
33%
23.833Limbach-Oberfrohna
33%
10.812Mülsen
33%
1811Crinitzberg
17%
1270Dennheritz
17%
3945Hartenstein
17%
1366Hartmannsdorf bei Kirchberg
17%
5827Oberlungwitz
17%
7282Reinsdorf
17%
3190St. Egidien
17%
9534Wilkau-Haßlau
17%
2140Bernsdorf
0%
4879Callenberg
0%
3828Gersdorf
0%
1087Hirschfeld
0%
2418Langenweißbach
0%
3809Neukirchen/Pleiße
0%
2220Niederfrohna
0%
1026Oberwiera
0%
1609Remse
0%
870Schönberg
0%

Verteilung der Resultate

Perzentil nach korrekt beantworteten Fragen

Anzahl Personen mit jedem Resultat

Ihre Resultats-Entwicklung

Sie haben dieses Quiz noch nicht gespielt